000 01305nam0a22002651 4500
001 rc\4152439
005 20250611111732.0
021 _aRU
_b[51-36160]
035 _a(NLR Aleph) 008170840
090 _a7853517
_c7853517
100 _a20130415d1951 |||y0rusy50 ca
101 0 _arus
102 _aRU
105 _aa z |||||
200 1 _aОсобенности организации и технологии ремонта тракторов
_eЛекция для работников МТС, машинно-тракт. мастерских кап. ремонта (ММКР), ремонтных заводов (РЗ) и совхозов
_fВсесоюз. с.-х. о-во. Ин-т усовершенствования знаний специалистов сельского хозяйства им. акад. В.Р. Вильямса
210 _aМосква
_cИзд-во М-ва сел. хоз-ва СССР
_d1951
215 _a24 с.
_cил.
_d21
606 _aТрактороремонт
_2psbo
700 1 _7ca
_8rus
_aСеливанов
_bА. И.
_cд-р техн. наук
_f1908-1976
_gАлександр Иванович
_9167659
_3RU\NLR\AUTH\770167706
801 0 _aRU
_bNLR
_gpsbo
801 1 _aRU
_bELAR
_2rusmarc
852 _aNLR
_jС20 Г-4/1648
942 _cBOOK
980 _aNB